El agua como recurso sustentable y de uso múltiple: políticas para su utilización en zonas urbanas y peri urbana de América Latina y El Caribe

Guardado en:
Detalles Bibliográficos
Autores principales: Moscoso Cavallini, Julio (autor), Oakley, Stewart (Autor), Egocheaga Young, Luis (Autor)
Formato: Libro
Lenguaje:español
Publicado: Santiago Catalonia 2008
Edición:1a. ed
Materias:
Etiquetas: Agregar Etiqueta
Sin Etiquetas, Sea el primero en etiquetar este registro!

MARC

LEADER 00000nam a2200000 a 4500
001 UCI9709
003 CL-VaPUC
008 081204e20080000CL |||||||||||||||||spa|d
020 |a 9789563240030 
082 0 4 |a 628.1  |b MOS  |2 21 
100 |a Moscoso Cavallini, Julio  |e autor  |9 533609 
700 0 |a Oakley, Stewart  |e author  |9 533610 
700 0 |a Egocheaga Young, Luis  |e author  |9 533611 
245 1 3 |a El agua como recurso sustentable y de uso múltiple: políticas para su utilización en zonas urbanas y peri urbana de América Latina y El Caribe 
250 |a 1a. ed 
300 |a 229 p 
942 |c BK 
945 |d 20081204 00:00:00  |a rbrito 
260 |a Santiago  |b Catalonia  |c 2008 
650 0 |a Agua  |9 257149 
650 0 |a Abastecimiento de agua  |9 260374 
650 0 |a Agua potable   |9 260375 
650 7 |a TRATAMIENTO DE AGUAS RESIDUALES  |2 CL-VaPUC  |9 533612 
651 0 |a América Latina   |9 255027 
651 0 |a El Caribe  |9 341255 
583 |a last modification  |c 20081204 00:00:00  |k Rodrigo Vera 
999 |c 332191  |d 332189 
952 |0 0  |1 0  |4 0  |6 628_100000000000000_MOS_2008  |7 0  |8 A  |9 419658  |a BIBING  |b BIBING  |d 2019-11-22  |i 4502744  |o 628.1 MOS 2008  |p 4502744  |r 2025-01-20  |w 2019-11-22  |y BK  |k GEO 
952 |0 0  |1 0  |4 0  |6 628_100000000000000_MOS_2008  |7 0  |8 A  |9 419659  |a BIBARQ  |b BIBARQ  |d 2019-11-22  |i 4552725  |o 628.1 MOS 2008  |p 4552725  |r 2025-01-20  |w 2019-11-22  |y BK  |k ARQ